000 00600nam a2200217Ia 4500
003 OSt
005 20220928144528.0
006 a|||||r|||| 00| 0
007 ta
008 220927b |||||||| |||| 00| 0 eng d
024 _a71414
037 _cTextual
040 _aSDCL
_cSDCL
_beng
041 _2eng
_aeng
082 _aB13,5Kp2,N99, P0
100 _aAdhikari S D Ed.
_9445223
245 0 _aCyclotomic fields and related topics
_b Proceedings of the summer school.
260 _c2000
942 _hB13,5Kp2,N99, P0
_cTEXL
_2CC
999 _c827592
_d827592